000 00322 a2200109 4500
001 ART_41864
005 20260410162023.0
008 260409a
245 1 0 _aLa reforma del Consejo de la Magistratura
100 1 _aBadeni, Gregorio
773 0 _tJurisprudencia Argentina
_g- NÂș 1 (abr. 2006)
_wREV41622
999 _c33342
_d33342